Countries With Permanent Antarctic Bases - Statistics

General Stats
  • This quiz has been taken 79 times
  • The average score is 15 of 19
Answer Stats
Number of Bases Country % Correct
1 France
99%
4 United Kingdom
99%
4 United States
99%
3 Russia
97%
3 Australia
96%
2 China
95%
6 Argentina
92%
4 Chile
89%
2 Germany
89%
1 Japan
89%
3 New Zealand
89%
2 India
86%
1 Norway
84%
1 Brazil
82%
1 South Africa
79%
2 South Korea
75%
1 Uruguay
45%
1 Poland
34%
1 Czech Republic
11%
No matching quizzes found
Score Distribution
Percent of People with Each Score
Percentile by Number Answered
Your Score History
You have not taken this quiz